<?xml version="1.0" encoding="UTF-8"?>
<marc:record xmlns:marc="http://www.loc.gov/MARC21/slim">
   <marc:leader>00000nam a2200000 a 4500</marc:leader>
   <marc:datafield ind1="1" ind2=" " tag="100">
      <marc:subfield code="a">Huwyler, Marcel</marc:subfield>
      <marc:subfield code="4">aut</marc:subfield>
      <marc:subfield code="e">Verfasser/-in</marc:subfield>
   </marc:datafield>
   <marc:datafield ind1=" " ind2=" " tag="653">
      <marc:subfield code="a">Fiktionale Darstellung</marc:subfield>
   </marc:datafield>
   <marc:datafield ind1=" " ind2=" " tag="653">
      <marc:subfield code="a">Krimis, Thriller, Spionage</marc:subfield>
   </marc:datafield>
   <marc:datafield ind1="0" ind2="0" tag="245">
      <marc:subfield code="a">Frau Morgenstern und der Verrat</marc:subfield>
   </marc:datafield>
   <marc:datafield ind1="0" ind2="0" tag="245">
      <marc:subfield code="b">Kriminalroman</marc:subfield>
   </marc:datafield>
   <marc:datafield ind1="0" ind2="0" tag="245">
      <marc:subfield code="c">Huwyler, Marcel</marc:subfield>
   </marc:datafield>
   <marc:datafield ind1=" " ind2="1" tag="264">
      <marc:subfield code="a">Köln</marc:subfield>
      <marc:subfield code="b">GRAFIT</marc:subfield>
   </marc:datafield>
   <marc:datafield ind1="1" ind2=" " tag="490">
      <marc:subfield code="a">Frau Morgenstern</marc:subfield>
      <marc:subfield code="v">2</marc:subfield>
   </marc:datafield>
   <marc:datafield ind1="1" ind2=" " tag="520">
      <marc:subfield code="a">Frau Morgenstern und der Verrat : Kriminalroman / von Marcel Huwyler &#xD;
 &#xD;
Bissiger Humor, abgedrehte Charaktere, aberwitzige Twists – Marcel Huwyler in Hochform&#xD;
&#xD;
Violetta Morgenstern hat eine ganz eigene Vorstellung von Gut und Böse – und die kann sie in ihrem Job als Auftragsmörderin im Namen des Staates ungestraft in die Tat umsetzen. Ihr neuester Auftrag ist jedoch ungewöhnlich: Gemeinsam mit Ex-Söldner Miguel Schlunegger soll Violetta den Anschlag auf eine beliebte Politikerin aufklären. Felicitas Saminada wurde vor laufender Kamera angeschossen – ein Querschläger tötete ihre kleine Tochter. Das Ermittlerduo kommt einer Verschwörung auf die Spur, die die nationale Sicherheit gefährdet. Mysteriöse Beweise tauchen auf, Mitwisser sterben, neue Anschläge geschehen. Während Schlunegger selbst ins Schussfeld des Komplotts gerät, erfährt Morgenstern ein Familiengeheimnis, das sie fast um den Verstand bringt.</marc:subfield>
   </marc:datafield>
   <marc:datafield ind1=" " ind2=" " tag="020">
      <marc:subfield code="a">9783894257569</marc:subfield>
      <marc:subfield code="9">9783894257569</marc:subfield>
   </marc:datafield>
   <marc:datafield ind1=" " ind2=" " tag="020">
      <marc:subfield code="a">3894257563</marc:subfield>
      <marc:subfield code="9">3894257563</marc:subfield>
   </marc:datafield>
   <marc:datafield ind1=" " ind2=" " tag="041">
      <marc:subfield code="a">ger</marc:subfield>
   </marc:datafield>
   <marc:datafield ind1="0" ind2=" " tag="490">
      <marc:subfield code="v">2</marc:subfield>
   </marc:datafield>
   <marc:datafield ind1="1" ind2=" " tag="521">
      <marc:subfield code="a">FSK ab 16 freigegeben</marc:subfield>
   </marc:datafield>
   <marc:datafield ind1="1" ind2=" " tag="521">
      <marc:subfield code="a">16</marc:subfield>
   </marc:datafield>
   <marc:datafield ind1=" " ind2=" " tag="338">
      <marc:subfield code="a">Band</marc:subfield>
   </marc:datafield>
   <marc:datafield ind1=" " ind2=" " tag="300">
      <marc:subfield code="a">335 Seiten</marc:subfield>
   </marc:datafield>
</marc:record>
